Подробности
| 000 -МАРКЕР |
| контрольное поле |
03288nam0a2200433 4500 |
| 001 - ИДЕНТИФИКАТОР ЗАПИСИ |
| контрольное поле |
RU\NLR\BIBL_A\012803566 |
| 005 - ИДЕНТИФИКАТОР ВЕРСИИ |
| контрольное поле |
20221004125206.0 |
| 010 ## - МЕЖДУНАРОДНЫЙ СТАНДАРТНЫЙ НОМЕР КНИГИ (ISBN) |
| Номер (ISBN) |
978-5-00105-682-9 |
| Тираж |
2000 |
| 021 ## - НОМЕР ГОСУДАРСТВЕННОЙ РЕГИСТРАЦИИ |
| Код страны |
Российская Федерация |
| Номер |
КН-П-22-011030 |
| Номер Листа государственной регистраци |
КН-П-22-0936 |
| 035 ## - ДРУГИЕ СИСТЕМНЫЕ НОМЕРА |
| Идентификатор записи |
(NLR Aleph) 012803566 |
| 035 ## - ДРУГИЕ СИСТЕМНЫЕ НОМЕРА |
| Идентификатор записи |
(RuMoRGB)010988696 |
| 100 ## - ДАННЫЕ ОБЩЕЙ ОБРАБОТКИ |
| Данные общей обработки |
20220530d2022 k y0rusy50 ca |
| 101 0# - ЯЗЫК РЕСУРСА |
| Язык текста, звукозаписи и т.д. |
русский |
| 102 ## - СТРАНА ПУБЛИКАЦИИ ИЛИ ПРОИЗВОДСТВА |
| Страна публикации |
Российская Федерация |
| 105 ## - ПОЛЕ КОДИРОВАННЫХ ДАННЫХ: ТЕКСТОВЫЕ МАТЕРИАЛЫ, МОНОГРАФИЧЕСКИЕ |
| Кодированные данные о монографическом текстовом документе |
y|||z|||000zy |
| 181 #0 - ПОЛЕ КОДИРОВАННЫХ ДАННЫХ: ВИД СОДЕРЖАНИЯ |
| Код вида содержания (ISBD) |
i4 |
| Код характеристики содержания (ISBD) |
axxe |
| 182 #0 - ПОЛЕ КОДИРОВАННЫХ ДАННЫХ: ТИП СРЕДСТВА |
| Код типа средства (ISBD) |
n - непосредственное |
| 200 1# - ЗАГЛАВИЕ И СВЕДЕНИЯ ОБ ОТВЕТСТВЕННОСТИ |
| Основное заглавие |
Министерство внутренних дел Российской империи в условиях либеральных и консервативных реформ в 1802-1917 гг. |
| Сведения, относящиеся к заглавию |
(монография) |
| Первые сведения об ответственности |
Рычков Ю. А., Маюров Н. П., Маюров П. Н. [и др.] |
| 203 ## - ВИД СОДЕРЖАНИЯ И ТИП СРЕДСТВА |
| Вид содержания |
Текст |
| Дополнительные сведения об издании |
визуальный |
| Тип средства |
непосредственный |
| 210 ## - ПУБЛИКАЦИЯ, РАСПРОСТРАНЕНИЕ И ДР. |
| Место издания, распространения и т.д. |
Санкт-Петербург |
| Имя издателя, распространителя и т. д. |
Лема |
| Дата издания, распространения и т.д. |
2022 |
| 215 ## - ФИЗИЧЕСКАЯ ХАРАКТЕРИСТИКА |
| Специфическое обозначение материала и объем |
239 с. |
| Размеры |
22 |
| 300 ## - ОБЩИЕ ПРИМЕЧАНИЯ |
| Текст примечания |
На обороте тит. с. авт.: Рычков Ю.А., ген.-майор полиции, аспирант, Маюров Н.П., полк. полиции, д-р юрид. наук, канд. ист. наук, проф., Заслуж. юрист России, Маюров П.Н., аспирант [и др.] |
| 320 ## - ПРИМЕЧАНИЯ О НАЛИЧИИ В ДОКУМЕНТЕ БИБЛИОГРАФИИ / УКАЗАТЕЛЯ |
| Текст примечания |
Библиогр.: с. 223-239 (202 назв.) и в подстроч. примеч. |
| 330 ## - РЕЗЮМЕ ИЛИ РЕФЕРАТ |
| Текст примечания |
В монографии раскрывается роль и значение Министерства внутренних дел как важнейшего отраслевого ведомства государственной власти Российской империи в 1802-1917 гг. в аспекте реформирования аппарата государственной власти в ходе либеральных и консервативных реформ. Исследуется генезис формирования и развития системы органов внутренних дел в России. Рассматривается динамика изменений системы государственного управления. Изучается вклад министров внутренних дел в развитие государственности и права Российской империи |
| 601 01 - НАИМЕНОВАНИЕ ОРГАНИЗАЦИИ КАК ПРЕДМЕТ |
| Начальный элемент ввода |
Россия |
| Структурное подразделение организации |
Министерство внутренних дел |
| Тематический подзаголовок |
История |
| Системный номер авторитетной/нормативной записи |
2242707 |
| Идентификатор авторитетной/нормативной записи |
RU\NLR\AUTH\661345648 |
| 606 1# - НАИМЕНОВАНИЕ ТЕМЫ КАК ПРЕДМЕТ |
| Наименование темы |
Правовые реформы |
| Тематический подзаголовок |
История |
| Географический подзаголовок |
Россия |
| Хронологический подзаголовок |
19 - 20 вв. |
| Системный номер авторитетной/нормативной записи |
2377782 |
| Идентификатор авторитетной/нормативной записи |
RU\NLR\AUTH\661418845 |
| 686 1# - ИНДЕКСЫ ДРУГИХ КЛАССИФИКАЦИЙ |
| Индекс |
Х819(2)112.01-1 |
| 686 1# - ИНДЕКСЫ ДРУГИХ КЛАССИФИКАЦИЙ |
| Индекс |
Х2(2)5-6 |
| 701 #1 - ИМЯ ЛИЦА - АЛЬТЕРНАТИВНАЯ ОТВЕТСТВЕННОСТЬ |
| Начальный элемент ввода |
Рычков |
| Часть имени, кроме начального элемента ввода |
Ю. А. |
| Расширение инициалов личного имени |
Юрий Алексеевич |
| 701 #1 - ИМЯ ЛИЦА - АЛЬТЕРНАТИВНАЯ ОТВЕТСТВЕННОСТЬ |
| Начальный элемент ввода |
Маюров |
| Часть имени, кроме начального элемента ввода |
Н. П. |
| Расширение инициалов личного имени |
Николай Петрович |
| 701 #1 - ИМЯ ЛИЦА - АЛЬТЕРНАТИВНАЯ ОТВЕТСТВЕННОСТЬ |
| Начальный элемент ввода |
Маюров |
| Часть имени, кроме начального элемента ввода |
П. Н. |
| Расширение инициалов личного имени |
Павел Николаевич |
| 856 4# - МЕСТОНАХОЖДЕНИЕ ЭЛЕКТРОННЫХ РЕСУРОВ И ДОСТУП К НИМ |
| Имя пользователя (logon/login) |
VNP_SKP |
| Эмуляция терминала (Terminal emulation) |
VIEW |
| Универсальный идентификатор ресурса (Uniform Resource Identifier) |
https://webservices.nlr.ru/viewer/file?name=a012803566_002.txt |
| Тип доступа (Access method) |
Аннотация |
| 856 41 - МЕСТОНАХОЖДЕНИЕ ЭЛЕКТРОННЫХ РЕСУРОВ И ДОСТУП К НИМ |
| Имя пользователя (logon/login) |
VNP_SKP |
| Эмуляция терминала (Terminal emulation) |
VIEW |
| Универсальный идентификатор ресурса (Uniform Resource Identifier) |
https://webservices.nlr.ru/viewer/file?name=t012803566_001.jpeg |
| Тип доступа (Access method) |
Обложка |
| 942 ## - ДОПОЛНИТЕЛЬНЫЕ ЭЛЕМЕНТЫ ЗАПИСИ (АБИС) |
| Тип экземпляра АБИС |
Книга |
| 980 4# - КОЛЛЕКЦИЯ |
| Название коллекции |
Новые поступления - Отдел обработки и каталогов |
| 980 ## - КОЛЛЕКЦИЯ |
| Название коллекции |
Национальная библиография |